Name the Coaster by the Abbreviation (RCC) Quiz Stats

 Plays Quiz not verified by Sporcle

Score 0/25 Timer 10:00
0 Plays Today
Abbreviation Answer % Correct
GLTHGoliath
93.5%
KNGD KKingda Ka
91.4%
T ICRDBL HLKThe Incredible Hulk
90.6%
WLD EGLWild Eagle
89.2%
INVRTGInvertigo
87.8%
MKOMako
87.1%
MNSTRMonster
87.1%
STRM RNRStorm Runner
86.3%
MNTUMontu
86.3%
SVRNG TMBRSShivering Timbers
84.2%
HRLRHurler
82.7%
CNIBLCannibal
82%
TMPSTTempesto
80.6%
Abbreviation Answer % Correct
MDSA STL CSTRMedusa Steel Coaster
79.1%
T LGNDThe Legend
78.4%
PNDMNIMPandemonium
78.4%
APLS CHRTApollo's Chariot
76.3%
GRGA SCRCHRGeorgia Scorcher
69.8%
RGN CJNRagin' Cajun
64%
PTRTPatriot
63.3%
L MNSTRLe Monstre
63.3%
FTRBRNAfterburn
62.6%
HLYWD RP RD RKTHollywood Rip Ride Rockit
62.6%
TLNTalon
61.9%
MNTZMS RVNGMontezooma's Revenge
56.8%

You're not logged in!

Compare scores with friends on all Sporcle quizzes.
OR
Log In

Sporcle TV

Today on Sporcle TV


Watch our educational content, quiz creation guides, and fun videos on Sporcle TV.

Show Comments

Extras

Created Sep 18, 2017ReportNominate
Tags:Abbreviation, coaster

Top Quizzes Today


Score Distribution

Your Account Isn't Verified!

In order to create a playlist on Sporcle, you need to verify the email address you used during registration. Go to your Sporcle Settings to finish the process.

Report this User

Report this user for behavior that violates our Community Guidelines.

Details: